| 000 | 01084nam a22003377a 4500 | ||
|---|---|---|---|
| 001 | 6525 | ||
| 003 | FISKH | ||
| 005 | 20250508093132.0 | ||
| 008 | 250508b cb ||||| |||| 00| 0 eng d | ||
| 020 | _a9780440467311 | ||
| 040 |
_aDLC _cDLC _dDLC _beng |
||
| 050 | _aPZ7.B6265 O | ||
| 082 | _a813.54 | ||
| 100 | 1 |
_aBlume, Judy. _d(1938-) |
|
| 245 | 1 | 4 |
_aThe one in the middle is the green kangaroo / _cby Judy Blume ; illustrated by Amy Aitken. |
| 250 | _aThis edition first published in 1986 | ||
| 260 |
_aNew York : _bYearling, _c1981. |
||
| 300 |
_a39 pages : _billustrations ; _c20 cm. |
||
| 505 | _aJ | ||
| 520 | _aSecond-grader Freddy hates being the middle one in the family until he gets a part in the school play. | ||
| 521 | 8 |
_a500
_bLexile |
|
| 521 | 8 |
_aJ
_bRaz-Plus |
|
| 650 | 1 |
_aMiddle-born children _vFiction. |
|
| 650 | 1 |
_aSiblings _vFiction. |
|
| 650 | 1 |
_aFamily life _vFiction. |
|
| 650 | 1 |
_aSchools _vFiction. |
|
| 700 | 1 |
_aAitken, Amy _dillustrator |
|
| 906 |
_a7 _bcbc _corignew _d1 _eocip _f19 _gy-gencatlg |
||
| 942 |
_2ddc _cBK _n0 |
||
| 999 |
_c6525 _d6525 |
||